Mi-ge ha-haregah-le-Shaʻar ha-gai : (Record no. 32871)

MARC details
000 -LEADER
fixed length control field 00753cam a22002291 4500
001 - CONTROL NUMBER
control field he 68000278
003 - CONTROL NUMBER IDENTIFIER
control field DLC
005 - DATE AND TIME OF LATEST TRANSACTION
control field 20260227111453.0
008 - FIXED-LENGTH DATA ELEMENTS--GENERAL INFORMATION
fixed length control field 841219s1967 is 000 0 heb
010 ## - LIBRARY OF CONGRESS CONTROL NUMBER
LC control number he 68000278
035 ## - SYSTEM CONTROL NUMBER
System control number (OCoLC)19201545
040 ## - CATALOGING SOURCE
Original cataloging agency DLC
Transcribing agency MH
Modifying agency DLC
042 ## - AUTHENTICATION CODE
Authentication code premarc
050 00 - LIBRARY OF CONGRESS CALL NUMBER
Classification number CT1919.P3
Item number W56
100 1# - MAIN ENTRY--PERSONAL NAME
Personal name Wircberg, Beni.
245 10 - TITLE STATEMENT
Title Mi-ge ha-haregah-le-Shaʻar ha-gai :
Remainder of title pirḳe yoman, zikhronot u-reshamim mi-yeme ha-Shoʼah...ʻad li-yeme teḳumat Medinat Yiśraʼel
260 ## - PUBLICATION, DISTRIBUTION, ETC.
Place of publication, distribution, etc. Ramat Gan :
Name of publisher, distributor, etc. Masadah,
Date of publication, distribution, etc. [1967]
300 ## - PHYSICAL DESCRIPTION
Extent 214 p. ;
Dimensions 23 cm.
650 #0 - SUBJECT ADDED ENTRY--TOPICAL TERM
Topical term or geographic name entry element World War, 1939-1945
General subdivision Personal narratives, Jewish.
650 #0 - SUBJECT ADDED ENTRY--TOPICAL TERM
Topical term or geographic name entry element Israel-Arab War, 1948-1949
General subdivision Personal narratives.
752 ## - ADDED ENTRY--HIERARCHICAL PLACE NAME
Country or larger entity Israel
City Ramat Gan

No items available.

Powered by Koha